000 01334nam a22002655i 4500
001 163786
003 ES-MaACL
005 20251122063134.0
008 000614s1901 sp |||| | spa d
080 _a821.134.2 Cervantes Saavedra, Miguel de 7 Celoso extremeño.07
080 _a929 Álvarez de Soria, Alonso
100 1 _aRodríguez Marín, Francisco,
_d1855-1943
_998634
245 1 3 _aEl Loaysa de "El celoso extremeño" :
_bestudio histórico-literario /
_cpor Francisco Rodríguez Marín.
260 _aSevilla :
_b[s.n.],
_c1901 (
_fTip. de Francisco de P. Díaz)
300 _a369 p. , [1] h. pleg. ;
_c23 cm.
505 8 _aContiene: El celoso extremeño . Alonso Álvarez de Soria . Alonso Álvarez de Soria es el "Loaysa" de "El celoso extremeño" . Apéndices: Documentos. Facsímiles. Genealogía
530 _aDisponible en formato digital.
600 1 7 _aCervantes Saavedra, Miguel de,
_d1547-1616.
_tEl celoso extremeño
_2
_9147692
600 1 7 _aCervantes Saavedra, Miguel de,
_d1547-1616-
_xPersonajes
_2
_9158912
600 1 4 _aÁlvarez de Soria, Alonso,
_d1573-1603
_9173134
740 3 2 _aEl celoso extremeño.
852 _aES-MaACL
_jF-6577
_z- Enc. hol., conservando cub. original
856 _uhttps://archive.org/details/elloaysadeelcelo00rodr
_zInternet Archive
999 _c163786
_d163786